| Tag |
First Indicator |
Second Indicator |
Subfields |
| LEADER |
00000cam a2200000 i 4500 |
| 001 |
in00001402662 |
| 005 |
20151020052131.0 |
| 008 |
761116s1975 nbuabe b 000 0 eng d |
| 019 |
|
|
|a 02827028
|a 21786705
|
| 035 |
|
|
|a (OCoLC)02560871
|
| 035 |
|
|
|9 AHM2737AM
|
| 040 |
|
|
|a COO
|c COO
|d OCL
|d UIU
|d TXA
|d UtOrBLW
|
| 043 |
|
|
|a n-us-nb
|
| 049 |
|
|
|a TXAM
|
| 090 |
|
|
|a NA4412.N2
|b N36 1975
|
| 092 |
|
|
|a 711.40973
|b L638n
|
| 245 |
0 |
4 |
|a The Nebraska Capitol and environs plan /
|c [The College of Architecutre, University of Nebraska ; Thomas S. Laging, project director].
|
| 264 |
|
1 |
|a Lincoln :
|b College of Architecture, University of Nebraska,
|c [1975]
|
| 300 |
|
|
|a iii, 167 pages :
|b illustrations, maps, plans ;
|c 21 x 26 cm.
|
| 336 |
|
|
|a text
|b txt
|2 rdacontent
|
| 337 |
|
|
|a unmediated
|b n
|2 rdamedia
|
| 338 |
|
|
|a volume
|b nc
|2 rdacarrier
|
| 500 |
|
|
|a "Project supported by a grant from the National Endowment for the Arts in Washington, D. C."--Title page verso.
|
| 504 |
|
|
|a Bibliographical references: page 157.
|
| 651 |
|
0 |
|a Nebraska
|x Capital and capitol.
|
| 650 |
|
0 |
|a City planning
|z Nebraska
|z Lincoln.
|
| 700 |
1 |
|
|a Laging, Thomas S.
|
| 710 |
2 |
|
|a University of Nebraska (Lincoln campus).
|b College of Architecture.
|
| 999 |
|
|
|a MARS
|
| 999 |
f |
f |
|s 8b2719f5-b330-3cbf-be92-55c321a13763
|i 2ff0009e-8081-3662-a06e-91da50d26419
|t 0
|
| 952 |
f |
f |
|p ric
|a Texas A&M University
|b Rellis Campus
|c Joint Library Facility
|d Remote Storage
|t 0
|e NA4412.N2 N36 1975
|h Library of Congress classification
|i unmediated -- volume
|m A14850238891
|
| 998 |
f |
f |
|a NA4412.N2 N36 1975
|t 0
|l Remote Storage
|